<?xml version="1.0" encoding="UTF-8"?>
<record
    xmlns:xsi="http://www.w3.org/2001/XMLSchema-instance"
    xsi:schemaLocation="http://www.loc.gov/MARC21/slim http://www.loc.gov/standards/marcxml/schema/MARC21slim.xsd"
    xmlns="http://www.loc.gov/MARC21/slim">

  <leader>00461nam a22001817a 4500</leader>
  <controlfield tag="005">20251010115137.0</controlfield>
  <controlfield tag="008">251008b        |||||||| |||| 00| 0 eng d</controlfield>
  <datafield tag="020" ind1=" " ind2=" ">
    <subfield code="a">978-81-7956-159-1</subfield>
  </datafield>
  <datafield tag="041" ind1=" " ind2=" ">
    <subfield code="a">eng</subfield>
  </datafield>
  <datafield tag="082" ind1=" " ind2=" ">
    <subfield code="a">622.068KAK-S</subfield>
  </datafield>
  <datafield tag="100" ind1=" " ind2=" ">
    <subfield code="a">KAKU, L C</subfield>
    <subfield code="9">3781</subfield>
  </datafield>
  <datafield tag="245" ind1=" " ind2=" ">
    <subfield code="a">A STUDY OF MINE MANAGEMENT, LEGISLATION &amp; GENERAL SAFETY</subfield>
  </datafield>
  <datafield tag="250" ind1=" " ind2=" ">
    <subfield code="a">REV ED. [2022]</subfield>
  </datafield>
  <datafield tag="260" ind1=" " ind2=" ">
    <subfield code="a">DHANBAD </subfield>
    <subfield code="b">LOVELY PRAKASHAN</subfield>
  </datafield>
  <datafield tag="300" ind1=" " ind2=" ">
    <subfield code="a">622;P</subfield>
  </datafield>
  <datafield tag="650" ind1=" " ind2=" ">
    <subfield code="a">MINING</subfield>
  </datafield>
  <datafield tag="942" ind1=" " ind2=" ">
    <subfield code="c">BK</subfield>
  </datafield>
  <datafield tag="999" ind1=" " ind2=" ">
    <subfield code="c">8894</subfield>
    <subfield code="d">8892</subfield>
  </datafield>
  <datafield tag="952" ind1=" " ind2=" ">
    <subfield code="0">0</subfield>
    <subfield code="1">0</subfield>
    <subfield code="4">0</subfield>
    <subfield code="7">0</subfield>
    <subfield code="8">MINING</subfield>
    <subfield code="a">JRU</subfield>
    <subfield code="b">JRU</subfield>
    <subfield code="d">2025-10-08</subfield>
    <subfield code="e">PURCHASE</subfield>
    <subfield code="g">1250.00</subfield>
    <subfield code="h">LBI/000779, DATE-4-10-2025</subfield>
    <subfield code="l">0</subfield>
    <subfield code="o">622.068</subfield>
    <subfield code="p">28968</subfield>
    <subfield code="r">2025-10-08 16:02:35</subfield>
    <subfield code="w">2025-10-08</subfield>
    <subfield code="y">BK</subfield>
  </datafield>
  <datafield tag="952" ind1=" " ind2=" ">
    <subfield code="0">0</subfield>
    <subfield code="1">0</subfield>
    <subfield code="4">0</subfield>
    <subfield code="7">0</subfield>
    <subfield code="8">MINING</subfield>
    <subfield code="a">JRU</subfield>
    <subfield code="b">JRU</subfield>
    <subfield code="c">SHELF-100-D</subfield>
    <subfield code="d">2025-10-08</subfield>
    <subfield code="e">PURCHASE</subfield>
    <subfield code="g">1250.00</subfield>
    <subfield code="h">LBI/000779, DATE-4-10-2025</subfield>
    <subfield code="l">3</subfield>
    <subfield code="o">622.068</subfield>
    <subfield code="p">28969</subfield>
    <subfield code="r">2026-03-23 11:10:21</subfield>
    <subfield code="s">2026-03-17</subfield>
    <subfield code="w">2025-10-08</subfield>
    <subfield code="y">BK</subfield>
  </datafield>
</record>
